Oleguer Miró i Borràs : un erudit metge manresà : (1849-1926) / [autors: Jordi Arderiu i Torra ... [et al.] un erudit metge manresà :
Descripción Física:
181 p. ; 24 cm
Otros Autores:
Arderiu i Torra, Jordi
MARC
| LEADER | 00000nam a2200000Ia 4500 | ||
|---|---|---|---|
| 001 | 15274 | ||
| 008 | 160829s1998 xx 000 0 cat d | ||
| 080 | |a C-2-301 | ||
| 245 | |a Oleguer Miró i Borràs : |b un erudit metge manresà : |b (1849-1926) / [autors: |b Jordi Arderiu i Torra ... [et al.] | ||
| 260 | |a Manresa : |b Arxiu Històric de les Ciències de la Salut, |c 1998 | ||
| 300 | |a 181 p. ; |c 24 cm | ||
| 490 | |a Publicacions de l'Arxiu Històric de les Ciències de la Salut ; 1 | ||
| 590 | |a Notes. | ||
| 590 | |a Bibliografia. | ||
| 590 | |a A la coberta: Col·legi Oficial de Metges de Barcelona | ||
| 650 | |a Miró i Borràs, Oleguer |9 20704 | ||
| 650 | |a Metges |x Manresa |x Biografia |9 20705 | ||
| 700 | |a Arderiu i Torra, Jordi |9 20706 | ||
| 710 | 2 | |a Col·legi Oficial de Metges de Barcelona |9 69869 | |
| 710 | |a Arxiu Històric de les Ciències de la Salut |9 69870 | ||
| 901 | |a Arxiu | ||
| 942 | |n 1 | ||
| 952 | |0 0 |1 0 |4 0 |6 C2301 |7 1 |9 41638 |a Arxiu |b Arxiu |d 2016-12-01 |l 0 |o C-2-301 |p 15274 |r 2016-12-01 00:00:00 |w 2016-12-01 |y ARXIU | ||
| 999 | |c 43528 |d 43528 | ||